| 000 | 00887nam a2200253 a 4500 | ||
|---|---|---|---|
| 001 | 000017703 | ||
| 003 | OSt | ||
| 005 | 20201103142247.0 | ||
| 008 | 100330s1929 dr r 000 0 spa d | ||
| 040 |
_aDO-SdBNP _bspa _cBNPHU |
||
| 082 | 4 |
_a633.74097293 _bB338c _222 |
|
| 100 | 1 |
_aBecám, Etienne _938546 |
|
| 245 | 1 | 3 |
_aEl cacao : _bsus variedades, su cultivo y su preparación en la República Domicana. |
| 250 | _aEdición oficial | ||
| 260 |
_aSanto Domingo : _bSecretaria de Estado de Agricultura e Inmigracion, _c1929. |
||
| 300 |
_a86 p. : _bil. ; _c23 cm. |
||
| 500 | _aPublicado por la | ||
| 590 | _aInventariado, 2018/LP | ||
| 650 | 4 |
_aCacao _zRepública Dominicana _938547 |
|
| 650 | 4 |
_aCacao _xCultivo _938548 |
|
| 710 | 1 |
_aRepública Dominicana _bSecretaria de Estado de Agricultura e Inmigración _938549 |
|
| 910 | _aValidado. Control de calidad MFF | ||
| 942 |
_2ddc _cLBS1 |
||
| 999 |
_c17228 _d17228 |
||